000 00790nam a2200229 i 4500
001 148854
003 ES-MaACL
005 20240625125657.0
007 t|
008 070214s1977 sp r ||||1| spa d
100 1 _aSucarrat, Francine.
_9108704
245 1 0 _aLuis Seoane
_b: su obra poética y su importancia en la literatura gallega actual /
_cFrancine Sucarrat.
260 _aLa Coruña :
_bEd. del Castro,
_c1977.
300 _a200 p. :
_bil. ;
_c19 cm.
490 1 _aSerie investigación universitaria
502 _aTesis--Univ. Complutense de Madrid.
504 _aBibliografía: p. 199-200.
600 1 7 _aSeoane, Luis,
_d1910-1979
_2
_9155119
830 0 _aSerie investigación universitaria
_9221044
852 _aES-MaACL
_jA-8269
_bR.97450
999 _c148854
_d148854